Un viaje fantástico a la mitad del mundo.

שמור ב:
מידע ביבליוגרפי
מחבר ראשי: Sancho, Elvira (autora)
מחברים אחרים: Surís, Jordi (autor)
פורמט: ספר
יצא לאור: Barcelona, España: Difusión, 2023.
סדרה:Colección Viajes Fantásticos.
נושאים:
תגים: הוספת תג
אין תגיות, היה/י הראשונ/ה לתייג את הרשומה!

MARC

LEADER 00000nam a22000007a 4500
003 CL-VaPUC
005 20250506085536.0
008 250505t2023 ||||| |||| 00| 0 eng d
999 |c 449278  |d 449276 
020 |a 978-84-1157-000-8 
040 |c Pontificia Universidad Católica de Valparaíso 
082 |a 808.067 SAN 2023 
100 |9 902588  |a Sancho, Elvira  |e autora 
245 |a Un viaje fantástico a la mitad del mundo. 
260 |a Barcelona, España:  |b Difusión,  |c 2023. 
300 |a 77 páginas:  |b fotografías. 
490 |a Colección Viajes Fantásticos.  
500 |a c.1. Donación Programa Internacional de Intercambio Estudiantil (P.I.I.E.). Abril 2025. 
583 |c 20250505  |k Gabriela Rodríguez Cuevas 
650 0 |9 891472  |a Cuentos cortos  |x Enseñanza del español 
650 0 |9 890622  |a Spanish language  |x Reading  |x Teaching and learning 
700 |9 902589  |a Surís, Jordi  |e autor 
942 |2 ddc  |c BK  |n 1 
952 |0 0  |1 0  |2 ddc  |4 0  |6 808_067000000000000_SAN_2023  |7 0  |8 A  |9 602884  |a BIBGIM  |b BIBGIM  |d 2025-05-05  |e Donación  |i 5667288  |o 808.067 SAN 2023  |p 5667288  |r 2025-05-05  |t 1  |w 2025-05-05  |y BK  |k ELE